| 000 | 00341nam a2200133Ia 4500 | ||
|---|---|---|---|
| 005 | 20251222143112.0 | ||
| 008 | 251222s9999||||xx |||||||||||||| ||spa|| | ||
| 020 | _a9972-603-15-6 | ||
| 082 | _a330.985/C87 | ||
| 100 | _aCrabtree, John | ||
| 245 | 0 | _aEl PerĂº de Fujimori: 1990-1998 | |
| 264 | _bInstituto de Estudios Peruanos | ||
| 942 | _cLIB | ||
| 999 |
_c11222 _d11222 |
||